000 00284nam a22001217a 4500
008 170202b xxu||||| |||| 00| 0 eng d
041 _aeng
080 _a61
100 _a3
101 _aSHM
245 _aKONTROLLI I SIMPTOMAVE NE SEMUNDJET TERMINALE
_cRUBENA MOISIU
942 _2udc
_cBK
999 _c4246
_d4246